Backrooms Level 0-100 - Statistics

General Stats
  • This quiz has been taken 92 times
  • The average score is 11 of 101
Answer Stats
Answer % Correct
The Lobby
76%
Pipe Dreams
63%
Habitable Zone
55%
Terror Hotel
51%
The Poolrooms
45%
Electrical Station
43%
Lights Out
43%
Abandoned Office
37%
The Suburbs
35%
Cave System
33%
Thalassophobia
33%
The Matrix
29%
Memories
27%
Endless City
24%
Futuristic Halls
24%
Paradise
24%
Field of Wheat
20%
Warehouse
20%
Motion
18%
Numbered Doors
18%
Attic Floorboards
16%
The Carrier
16%
Airport
14%
Water World
14%
Altered Topography
12%
Arabian Desert
12%
Arcade
12%
Roller Rink
12%
The Infinite Apartments
12%
The Moon
12%
Abyss Inc
10%
Alone
10%
Forest of the Skeleton Queen
10%
Sewer System
10%
Abandoned Parking Lot
8%
Enchanted Forest
8%
Fold Point
8%
Otherworldly
8%
Silent Sounds
8%
Stormstone Keep
8%
The Infinite Mall
8%
The Petrified Garden
8%
Trenches of Grime
8%
Zoological Office
8%
Corri-Doors
6%
Corroding Retail Outlet
6%
Roller Rockin’ Pizza
6%
Shifted Beyond Reality
6%
Theater the Eater
6%
The Backway
6%
The Baywalk
6%
The Bunker Springs
6%
The Moribund Highway
6%
The Sunset Beach
6%
The Train
6%
Adderwood
4%
An Empty Car Park
4%
Bloodstained Garden
4%
Ghoul Town
4%
Land of Ice
4%
Lighthouse
4%
Noir
4%
School Halls
4%
Stage Fright
4%
Stairwell of Spirals
4%
The Draining Darkness
4%
The Ductwork
4%
The Redlands
4%
Tranquility
4%
Caverns of Olympus
2%
Crimson Glow
2%
Downtown Diner
2%
Exhibit
2%
Frostbite
2%
Space Station
2%
The Boundless Sewers
2%
The Horizon
2%
The Rivergate
2%
The Shifting Hedge Maze
2%
The Sunken Submarine
2%
The Underground Train
2%
The Underneath
2%
The Void Basement
2%
Art Gallery
0%
A Taste of Home
0%
Αρτοποιείο Desire
0%
Desposit
0%
Gallium Caves
0%
Gaspar House
0%
Hallways of Time
0%
Jungle Backyard
0%
Khögshin Highway
0%
Newly Renovated Home
0%
Over The Ground
0%
Road Trip of Afflictions
0%
Self-Automated Trade
0%
Ship in the Sea
0%
Sun Rise and Set
0%
The Lurking Darkness
0%
The Summit
0%
Watch Tower
0%
No matching quizzes found
Score Distribution
Percent of People with Each Score
Percentile by Number Answered
Your Score History
You have not taken this quiz